000 00320cam a22001215i 4500
999 _c14145
_d14145
003 OSt
005 20260228145656.0
008 250416s2024 ii 000 0 eng
020 _a9798892222105
245 0 0 _aChandigarh :
_bthe backstory & the city it couldn't be /
_cVibhor Mohan.
300 _axi, 286 pages
942 _2ddc